| 000 | 00447nam a2200157 a 4500 | ||
|---|---|---|---|
| 001 | 2463 | ||
| 003 | CDMR | ||
| 005 | 20131018162335.0 | ||
| 008 | 130130s1973||||||||||||||||||||||||||||d | ||
| 040 |
_aCDMR _bcat _cCDMR |
||
| 100 | 1 |
_aManzanet Moner, Xavier _91845 |
|
| 245 | 1 | 4 |
_aLas publicaciones periódicas de la provincia de Castellón _cXavier Manzanet Moner |
| 260 |
_aBarcelona _c1973 |
||
| 650 | 0 | 4 |
_94131 _aPublicacions en sèrie |
| 942 |
_cTSN _2udc |
||
| 999 |
_c2463 _d2463 |
||